Anatomía para odontólogos (Registro nro. 12940)

Detalles MARC
000 -Cabecera
Campo de control de longitud fija 00658nam a22002657a 4500
005 - Fecha y hora de la última transacción
Campo de control 20251105185856.0
008 - Elementos de longitud fija--Información general
Campo de control de longitud fija 210304b1998 xxu||||| |||| 00| 0 spa d
020 ## - International Standard Book Number
Número Internacional Estándar del Libro (ISBN) 9788471012203
041 ## - Idioma
Código de idioma Español
082 ## - Clasificación Decimal Dewey
Número de clasificación 611 T578a
100 ## - Entrada principal--Autor personal
Nombre personal Tillmann, Bernhard
9 (RLIN) 59851
245 ## - Título propiamente dicho
Título Anatomía para odontólogos
260 ## - Pie de imprenta
Lugar de publicación, distribución, etc. España
260 ## - Pie de imprenta
Nombre del editor, distribuidor, etc. Marbán Libros
260 ## - Pie de imprenta
Fecha de publicación, distribución, etc. 1998
300 ## - Descripción física
Extensión 435 páginas
300 ## - Descripción física
Otras características físicas Ilustraciones a color
490 ## - Serie
Título de la Serie Mecánica Dental
650 ## - Materia general
Temática (materia general) ANATOMÍA
650 ## - Materia general
Temática (materia general) ANATOMÍA DENTAL
650 ## - Materia general
Temática (materia general) ANATOMÍA DE LA CABEZA
650 ## - Materia general
Temática (materia general) ANATOMÍA DEL CUELLO
650 ## - Materia general
Temática (materia general) TRONCO
942 ## - Punto de acceso adicional KOHA
Tipo de ítem KOHA Libro
Fuente del sistema de clasificación o colocación Dewey Decimal Classification
Existencias
Signatura completa Código de barras Programa Académico Tipo de ítem
611 T578a 7746 Mecánica Dental Libro